| 000 -LEADER |
| fixed length control field |
00377cam a22001091 4500 |
| 008 - FIXED-LENGTH DATA ELEMENTS--GENERAL INFORMATION |
| fixed length control field |
750425s1956 inua s000 0 eng |
| 100 1# - MAIN ENTRY--AUTHOR'S NAME |
| Author's Name |
Vredenburg, Harvey L., |
| Dates associated with a name |
1921-2001. |
| 245 10 - TITLE STATEMENT |
| Title |
Trading stamps. |
| 260 ## - PUBLICATION, DISTRIBUTION, ETC. (IMPRINT) |
| Place of publication, distribution, etc. |
[Bloomington] |
| Name of publisher, distributor, etc. |
Bureau of Business Research, School of Business, Indiana University |
| Date of publication, distribution, etc. |
[1956] |
| 490 1# - SERIES STATEMENT |
| Series statement |
Indiana business report, |
| Volume/sequential designation |
no. 21 |
| 650 #0 - TOPICAL TERM (Tag) |
| Topical term or geographic name |
Trading-stamps. |